000 004800000a22001450004500
050 4 _aCD 023
245 1 0 _aMemorias Cumbre Internacional Microcrédito, Medellín septiembre 17 y 18 de 2003
260 _aMedellín : [s.n.]
500 _aConvocó: Alcaldía de Medellín, Confama, Presidencia de la República de Colombia y Unesco
001 13592
942 _cBK
999 _c42549
_d42549
336 _atexto
_btxt
_2rdacontent
337 _2rdamedia
_asin mediación
_bn
338 _2rdacarrier
_avolumen
_bnc